Productividad de leguminosas forrajeras templadas en el sur de Buenos Aires /

Guardado en:
Autor Principal: Grün, Francisco.
Autor Corporativo: Universidad Nacional del Sur. Departamento de Agronomía.
Otros Autores: Renzi, Juan Pablo, (tutor.)
Formato: Libro
Idioma:Spanish
Publicado: Bahía Blanca, 2017.
Materias:
Etiquetas: Agregar Etiqueta
Sin Etiquetas, Sea el primero en etiquetar este registro!
LEADER 00867nam a22002055a 4500
001 EEA.libagro010916
005 20181010084240.0
008 171204s2017####ag############000#0#spa#d
082 0 4 |a 633.208 
100 1 |a Grün, Francisco. 
245 1 0 |a Productividad de leguminosas forrajeras templadas en el sur de Buenos Aires /  |c Francisco Grün. 
260 |a Bahía Blanca,  |c 2017. 
300 |a 28 h. :  |b il., fot. col. ;  |c 30 cm. 
500 |a Trabajo de intensificación (Ingeniero Agrónomo) -- Universidad Nacional del Sur. Departamento de Agronomía, 2017. 
650 7 |a Plantas forrajeras  |z Buenos Aires (Provincia)  |2 agrovoc 
650 7 |a Zona semiárida  |2 agrovoc 
650 7 |a Clima semiárido  |2 agrovoc 
700 1 |a Renzi, Juan Pablo,  |e tutor. 
710 2 |a Universidad Nacional del Sur.  |b Departamento de Agronomía. 
859 |a AR-BbBCA  |b BIB. AGRONOMIA  |h 633.208  |i G888  |p 2017/6841